| 000 | 00000nam##2200000za#4500 |
| 001 | 9.573351 |
| 003 | CaOODSP |
| 005 | 20210624183648 |
| 007 | cr ||||||||||| |
| 008 | 150406|1994||||xxc|||||o f|0| 0 eng|d |
| 040 | |aCaOODSP|beng |
| 043 | |an-cn--- |
| 086 | 1 |aSC94-58/1994E-PDF |
| 110 | 1 |aCanada.|bCanadian Centre for Management Development. |
| 245 | 10|aNegotiation : |h[electronic resource]|bredefining success / |c[by] Joseph Stanford. |
| 260 | |aOttawa - Ontario : |bCanadian Centre for Management Development |cJune 1994. |
| 300 | |a47p.|breferences |
| 490 | 1 |aManagement practices|vNo. 6 |
| 500 | |aContents: Introduction.--Analyzing negotiations.--Principles in practice: a case study.--The public service manager as negotiator.--A cost-benefit analysis.--Conclusions. The catalogue number (SC94-58/1994) and ISBN (0-662-61164-0) for the bilingual print edition have been incorrectly copied in this electronic publication. |
| 504 | |aBibliography. |
| 590 | |a12-16-Supp|b2012-04-17 |
| 690 | 07|aManagement|2gcpds |
| 690 | 07|aPublic service|2gcpds |
| 720 | 1 |aStanford, Joseph |
| 775 | 08|tLa négociation : |w(CaOODSP)9.603531 |
| 830 | #0|aManagement practices ;|vNo. 6|w(CaOODSP)9.506783 |
| 856 | 40|ahttp://publications.gc.ca|qPDF|s1.10 MB|uhttps://publications.gc.ca/collections/Collection/SC94-58-1994E.pdf|yNo. 6 |